Statistiken für Europa: Geografie mit A

Klicken Sie hier um das Quiz zu spielen!

Allgemein

  • Dieses Quiz wurde 206 mal gespielt
  • Das Durchschnittsergebnis liegt bei 11 aus 18

Antwortstatistiken

HinweisAntwort% Korrekt
Hauptstadt Griechenlands, die als Wiege der Demokratie giltAthen
100%
Portugal, Irland oder Island liegen am Rande dieses OzeansAtlantik
96%
Hochgebirge mit dem Mont Blanc als höchster ErhebungAlpen
87%
Kleinstaat in den PyrenäenAndorra
82%
In der Landessprache heißt dieses Land "Shqipëria"Albanien
72%
Teil des Mittelmeers zwischen Griechenland und der Türkei, in dem sich unzählige Inseln befinden{Ägäisches} Meer
64%
Region im Süden Spaniens, in der die Städte Sevilla und Granada liegen und die vom jahrhundertelangen Einfluss der Mauren geprägt wurdeAndalusien
64%
Drittgrößte Stadt Schottlands, die den Beinamen "Granite City" trägtAberdeen
63%
Meerenge zwischen England und Frankreich, die auf Französisch "la Manche" heißtÄrmelkanal
58%
Auf einem Berg gelegener ältester Teil der oben gesuchten Stadt, wo sich unter anderem das Parthenon befindetAkropolis
54%
Die Stadt verfügt über den zweitgrößten Seehafen Europas und ist ein wichtiger Umschlagplatz für DiamantenAntwerpen
53%
Bewaldetes Gebirge im Süden Belgiens, durch das die deutsche Armee in beiden Weltkriegen Richtung Frankreich vorrückteArdennen
50%
Stadt in Südfrankreich, die für eine halbe Brücke und als ehemalige Papstresidenz bekannt istAvignon
46%
Kleiner Fluss, an dem die Hauptstadt der Niederlande liegt und von dem ihr Name abstammtAmstel
44%
Eine der Sehenswürdigkeiten der zweitgrößten Stadt Dänemarks ist das Freilichtmuseum "Den Gamle By"Aarhus
41%
Schweizer Kanton, dem man nur ein G wegnehmen muss, um auf den Namen seiner Hauptstadt zu kommenAargau
38%
Kleinste Region Italiens, in der neben Italienisch auch Französisch Amtssprache ist{Aosta}tal
26%
Nach einer Stadt an der Donmündung benanntes Nebenmeer des Schwarzen Meers östlich der Krim{Asowsches} Meer
23%

Verteilung der Resultate

Perzentil nach korrekt beantworteten Fragen

Anzahl Personen mit jedem Resultat

Ihre Resultats-Entwicklung

Sie haben dieses Quiz noch nicht gespielt